1615 1594 1715 1434 1385 1446 1414 1739 1522 1042 1641 1946 1328 1254 1295 1083 1392 1178 1002 1227 1326 1736 1167 1662 1520 1400 1649 1026 1662 1944 1133 1867 1704 1633 1656 1094 1534 1722 1303 1390 1086 1985 1135 1713 1293 1754 1683 1953 1665 1092 1447 1303 1016 1683 1407 1144 1863 1229 1140 1796 1598 1860 1170 1667 1399 1156 1947 1828 1483 1283 1582 1384 1556 1443 1555 1129 1789 1434 1803 1795 1861 1048 1409 1771 1385 1782 1482 1411 1779 1735 1093 1487 1854 1841 1021 1859 1586 1690 1782 BCNSPRNW ULIB Ver.6.0+V

เปลี่ยนเป็นภาษาไทย

Change to English
 แสดงรายละเอียดบรรณานุกรม
  กลับหน้าหลัก

Brief Record : Get Marc (ISO 2709) : E-mail record : QR code < ปิดหน้าต่าง
LEADER : 00000nam 2200000uu 4500
001    13399129220
003     ULIB
008    260511s2564||||th 000 0 tha d
020    ^a9786164220157
050  4 ^aPE1116.N8^bE58
245 0  ^aEnglish for nursing personnel /^cบรรณาธิการ อังคณา สุเมธสิทธิกุล.
246 1  ^aEnglish for nursing personnel ภาษาอังกฤษสำหรับบุคลากรทางการพยาบาล
246 3  ^aภาษาอังกฤษสำหรับบุคลากรทางการพยาบาล.
246 3  ^aภาษาอังกฤษสำหรับบุคลากรทางการแพทย์
250    ^aพิมพ์ครั้งที่ 4.
260    ^aกรุงเทพฯ :^bวิทยาลัยพยาบาลกองทัพบก กรมแพทย์ทหารบก,^c2564.
300    ^a240 หน้า :^bภาพประกอบ ;^c21 cm.
505    ^atPart 1 General conversation -- Part 2 Fundamental nursing -- Part 3 Medical and surgical nursing -- Part 4 Pediatric nursing -- Part 5 Nursing administration -- Part 6 Obstetric and gynecological nursing -- Part 7 Community health nursing -- Part 8 Mental health and psychiatric nursing.
505 0  ^aGeneral conversation -- Fundamental nursing -- Medical and surgical nursing -- Pediatric nursing -- Nursing administration -- Obstetric and gynecological nursing -- Community health nursing -- Mental healh and psychiatric nursing.
505 0  ^aGeneral conversation -- Fundamental nursing -- Medical and surgical nursing -- Pediatric nursing -- Nursing administration -- Obstetric and gynecological nursing -- Community health nursing -- Mental health and psychiatric nursing.
650  4 ^aภาษาอังกฤษ^xการใช้ภาษา
650  4 ^aภาษาอังกฤษ^xบทสนทนาและวลี
650  4 ^aEnglish language
650  4 ^aEnglish language
650  4 ^aการสื่อสารทางการพยาบาล
650  4 ^aการสื่อสารทางการแพทย์.
650  4 ^aภาษาอังกฤษ
650  4 ^aภาษาอังกฤษ^vบทสนทนาและวลี (สำหรับบุคลากรทางการแพทย์)
650  4 ^aภาษาอังกฤษ^xการใช้ภาษา
650  4 ^aภาษาอังกฤษ^xการใช้ภาษา^xพยาบาล
650  4 ^aภาษาอังกฤษ^xบทสนทนาและวลี (สำหรับพยาบาล)
650  4 ^aภาษาอังกฤษ^xบทสนทนาและวลี
650  4 ^aภาษาอังกษ
650 0  ^aภาษาอังกฤษ^xบทสนทนาและวลี (สำหรับบุคลากรทางการแพทย์)
655  4 ^aหนังสืออิเล็กทรอนิกส์.
658    ^aคณะพยาบาลศาสตร์.
695    ^aHumanities and Social Sciences.
700 0  ^aอังคณา สุเมธสิทธิกุล.
999    ^aประนอม เกษจรัล
รายการนี้ยังไม่มีแท็ก
คุณยังไม่ได้ล็อกอิน คุณสามารถมีกิจกรรมร่วมกับเว็บไซต์ได้ แต่ต้องล็อกอินก่อน ::
  ล็อกอิน

รายการสื่อสารสนเทศ

ลำดับที่ ประเภท เลขเรียก/บาร์โค้ด สถานที่ สถานะ
1. การศึกษาทั่วไป
หนังสือสำรอง
สถานะ=หนังสือสำรอง
PE1116.N8 E58 ฉ.1 
  Barcode: 012215
ห้องสมุดวิทยาเขตสวรรค์ประชารักษ์
►หนังสือทั่วไป
บนชั้น
2. การศึกษาทั่วไป
การศึกษาทั่วไป
PE1116.N8 E58 ฉ.2 
  Barcode: 012216
ห้องสมุดวิทยาเขตสวรรค์ประชารักษ์
►หนังสือทั่วไป
ถูกยืม กำหนดส่งวันที่ 31 กรกฎาคม 2569
  จอง
3. การศึกษาทั่วไป
การศึกษาทั่วไป
PE1116.N8 E58 ฉ.3 
  Barcode: 012217
ห้องสมุดวิทยาเขตสวรรค์ประชารักษ์
►หนังสือทั่วไป
บนชั้น
4. การศึกษาทั่วไป
การศึกษาทั่วไป
PE1116.N8 E58 ฉ.4 
  Barcode: 012218
ห้องสมุดวิทยาเขตสวรรค์ประชารักษ์
►หนังสือทั่วไป
บนชั้น
5. การศึกษาทั่วไป
การศึกษาทั่วไป
PE1116.N8 E58 ฉ.5 
  Barcode: 012219
ห้องสมุดวิทยาเขตสวรรค์ประชารักษ์
►หนังสือทั่วไป
บนชั้น

รายการใกล้เคียง
    หัวเรื่อง [ภาษาอังกฤษ การใช้ภาษา]
    หัวเรื่อง [English language]
    หัวเรื่อง [English language]
    หัวเรื่อง [การสื่อสารทางการพยาบาล]
    หัวเรื่อง [การสื่อสารทางการแพทย์.]
    หัวเรื่อง [ภาษาอังกฤษ]
    หัวเรื่อง [ภาษาอังกฤษ การใช้ภาษา]

BibComment


ยังไม่เคยถูกคอมเมนท์

คอมเมนท์ทรัพยากรรายการนี้
  คอมเมนท์: English for nurs..


 Copyright 2026. Bcnsprnw @Library